Honkai Starrail: Wer bin ich? (2) - Statistiken

Allgemein
  • Dieses Quiz wurde 15 mal gespielt
    14 seit der letzten Aktualisierung
  • Das Durchschnittsergebnis liegt bei 11 aus 15
Antwortstatistiken
Frage Antwort % Korrekt
Mein Zimmer liegt im Astralexpress neben dem von Dan Heng.
100%
Ich explodiere, wenn du mich nicht schnell genug besiegst.
100%
Ich bin KEINER der sieben himmlischen Generäle des Herrscherbogens der Xianzhou-Allianz. (Seven Arbiter-Generals of the Xianzhou Alliance)
92%
Mich bekommt jeder Spieler gratis auf E6.
83%
Mich gibt es auf St. 30 im kostenlosen Battlepass. (Geschenk der Namenlosen / nameless gift)
83%
Auf mir fand die Interstellare Kampfkunstzeremonie (Luminary Wardance Ceremony) statt bei dessen Finale Luka gegen Yanqing angetreten ist.
83%
Ich arbeite NICHT für die Zehn-Fürsten-Kommission. (Ten-Lords Commission)
83%
Ich stamme aus dem Minispiel "Operation Kampf der Seehunde" (Seal Slammers) und mein Name ist Gummi-Seehund. (rubber seal)
75%
Meine Stacks auf den Gegnern im Kampf heißen "Interpretation".
75%
Mein echter Name ist Jelena.
67%
Ich werde von anderen Merlinskralle (Merlin's Claw) genannt.
58%
Ich habe höhere Basis-LP (base HP) als die anderen drei Figuren.
42%
Ich bin Mitglied Nr. 76 der Geniusgesellschaft. (Genius Society)
42%
Ich gebe einer Figur 5.000 Figuren-EP. (Character EXP)
42%
Ich bin ein "zerfallender Schatten". (Decaying Shadow)
33%
Keine übereinstimmenden Quizze gefunden
Verteilung der Resultate
Anzahl Personen mit jedem Resultat
Perzentil nach korrekt beantworteten Fragen
Ihre Resultats-Entwicklung
Sie haben dieses Quiz seit der letzten Aktualisierung nicht gespielt